| 000 | 00494nam a2200193Ia 4500 | ||
|---|---|---|---|
| 005 | 20260429112210.0 | ||
| 008 | 260429s9999||||xx |||||||||||||| ||und|| | ||
| 020 | _a9789355275967 | ||
| 041 | _aEnglish | ||
| 082 |
_a954 _bDUF |
||
| 100 | _aDuff, C. Mabel | ||
| 245 | 0 |
_aChronology of India / _cC. Mabel Duff |
|
| 250 | _a1st ed. | ||
| 260 |
_aChennai : _bMaven Books, _c2023. |
||
| 300 | _axi, 409 p.; hb | ||
| 650 | _a Historical timelines | ||
| 650 | _aIndia-Chronology | ||
| 942 | _cTB | ||
| 999 |
_c52850 _d52850 |
||